Statistiken für Stadtteile von Hildesheim mit Karte

Klicken Sie hier um das Quiz zu spielen!

Allgemein

  • Dieses Quiz wurde 109 mal gespielt
  • Das Durchschnittsergebnis liegt bei 10 aus 14

Antworten auf der Karte

Die Antworten werden auf der Karte rot bzw. grün angezeigt, abhängig davon wie oft sie richtig erraten wurden.
 

Antwortstatistiken

Stadtteil% Korrekt
Nordstadt
86%
Himmelsthür
85%
Ochtersum
83%
Drispenstedt
81%
Itzum-Marienburg
81%
Moritzberg / Bockfeld
75%
Oststadt / Stadtfeld
75%
Bavenstedt
73%
Neuhof / Hildesheimer Wald / Marienrode
69%
Sorsum
69%
Achtum-Uppen
66%
Marienburger Höhe / Galgenberg
66%
Einum
63%
Stadtmitte / Neustadt
63%

Verteilung der Resultate

Perzentil nach korrekt beantworteten Fragen

Anzahl Personen mit jedem Resultat

Ihre Resultats-Entwicklung

Sie haben dieses Quiz noch nicht gespielt